Kluby w Eredivisie w sezonie 2023/24 - Statystyki

Ogólne statystyki
  • Ten quiz został rozwiązany 165 razy
  • Średni wynik to 8 z 18
Statystyki odpowiedzi
Klub % Poprawnych
Ajax
93%
PSV Eindhoven
90%
Feyenoord
84%
AZ Alkmaar
57%
Twente
57%
Sparta Rotterdam
53%
Utrecht
45%
NEC Nijmegen
38%
Vitesse
37%
Go Ahead Eagles
36%
PEC Zwolle
35%
Heerenveen
33%
Heracles
29%
Almere City
28%
Fortuna Sittard
27%
RKC Waalwijk
24%
Volendam
23%
Excelsior
22%
Nie znaleziono quizów pasujących do podanych kryteriów
Rozkład punktacji
Procent ludzi z każdym wynikiem
Percentyl według liczby udzielonych odpowiedzi
Twoja historia wyników
Nie rozwiązałeś tego quizu